CienciaUAT

Detalles Bibliográficos
Formato: Electrónico Revista
Lenguaje:español
Publicado: Ciudad Victoria, Tamaulipas, México : Universidad Autónoma de Tamaulipas, [2006]-
Materias:
Acceso en línea:Full text available from Research Library: 07/01/2006 to present

MARC

LEADER 00000nas a2200000 i 4500
001 ssj0001260252
003 WaSeSS
005 20200512172242.0
006 m d
007 cr n
008 140709c20069999mx fr p s 0 0spa c
010 |a  2016233585 
022 |a 2007-7858  |l 2007-7521  |y 2007-7521 
035 |a (WaSeSS)ssj0001260252 
040 |a CNCGM  |b eng  |e pn  |c CNCGM  |d CUS  |d OCLCQ  |d CUS  |d LND  |d CUS  |d GUA  |d OCLCF  |d VT2  |d AU@  |d OCL  |d WaSeSS 
042 |a pcc 
050 1 4 |a AP63  |b .C54 
210 0 |a CienciaUAT  |b (en línea) 
222 0 |a CienciaUAT  |b (en línea) 
245 0 0 |a CienciaUAT  |h [electronic resource]. 
260 |a Ciudad Victoria, Tamaulipas, México :  |b Universidad Autónoma de Tamaulipas,  |c [2006]- 
310 |a Semiannual,  |b 2012- 
321 |a Quarterly,  |b 2007-2011 
362 1 |a Began with: Volumen 01, número 1 (jul/sep 2006). 
500 |a "Órgano de difusión de investigación científica, tecnológica y humanística"--Vol. 1, no. 1 cover. 
500 |a Some full-text articles may be called PDF (English) but actually appear in Spanish. 
506 |a License restrictions may limit access. 
515 |a Volumen 5, número 1 (jul/sep 2010) also called Edición de aniversario. 
588 |a Description based on: Volumen 01, número 1 (jul/sep 2006); title from jpeg of cover (journal website, viewed April 28, 2016). 
588 |a Latest issue consulted: Volumen 10, número 2 (ene/jun 2016) (viewed April 28, 2016). 
650 0 |a Science  |v Periodicals. 
650 0 |a Technology  |v Periodicals. 
650 7 |a Science.  |2 fast  |0 (OCoLC)fst01108176 
650 7 |a Technology.  |2 fast  |0 (OCoLC)fst01145078 
655 0 |a Electronic journals. 
776 0 8 |i Print version:  |t CienciaUAT  |x 2007-7521 
856 4 0 |z Full text available from Research Library: 07/01/2006 to present  |u https://search.proquest.com/publication/2069501